| 000 | 00704cam a2200241 a 4500 | ||
|---|---|---|---|
| 008 | |||
| 020 | _a0521457130 (pbk.) | ||
| 049 | _aMAIN | ||
| 090 |
_aQA913 _bFRI |
||
| 100 | 1 | _aFrisch, Uriel. | |
| 245 | 1 | 0 |
_aTurbulence : _bthe legacy of A.N. Kolmogorov / _cUriel Frisch. |
| 260 |
_aCambridge : _bCambridge University Press, _c1995. |
||
| 300 |
_axiii, 296 p. : _bill. ; _c24 cm. |
||
| 500 | _aIncludes index. | ||
| 504 | _aIncludes bibliographical references. | ||
| 650 | 0 | _aTurbulence. | |
| 700 | 1 | _aKolmogorov, A.N. | |
| 907 |
_a.b10047906 _b23-07-12 _c17-04-03 |
||
| 003 | |||
| 005 | 20230123134101.0 | ||
| 040 | _cNUST | ||
| 942 |
_cBOOKS _kQA913 _mFRI |
||
| 999 |
_c159768 _d159768 |
||